000 00333nam a22001457a 4500
008 211013b ||||| |||| 00| 0 eng d
020 _a0808917420
041 _aeng
080 _a617
082 _a617
100 _a6
101 _aANE
245 _aHandbook of Epidural Anaesthesia and Analgesia
_cCovino,B.G
942 _2udc
_cBK
999 _c58202
_d58202